Kliknij miasta Niemiec na mapie - Statystyki

Ogólne statystyki
  • Ten quiz został rozwiązany 5 razy
  • Średni wynik to 29 z 60
Odpowiedzi na mapie
Odpowiedzi zakodowano w zielono-czerwonej skali na mapie do tego quizu, zgodnie z poniższymi procentami.
 
Statystyki odpowiedzi
Odpowiedź % Poprawnych
Chociebuż
100%
Berlin
80%
Erfurt
80%
Hamburg
80%
Kilonia
80%
Lipsk
80%
Magdeburg
80%
Poczdam
80%
Rostock
80%
Stuttgart
80%
Akwizgran
60%
Brema
60%
Bremerhaven
60%
Brunszwik
60%
Chemnitz
60%
Dortmund
60%
Drezno
60%
Jena
60%
Kassel
60%
Lubeka
60%
Norymberga
60%
Osnabrück
60%
Schwerin
60%
Tybinga
60%
Wolfsburg
60%
Zwickau
60%
Augsburg
40%
Bielefeld
40%
Bochum
40%
Duisburg
40%
Düsseldorf
40%
Essen
40%
Flensburg
40%
Fryburg Bryzgowijski
40%
Getynga
40%
Halle
40%
Hanower
40%
Karlsruhe
40%
Koblencja
40%
Kolonia
40%
Monachium
40%
Münster
40%
Oldenburg
40%
Paderborn
40%
Pforzheim
40%
Ratyzbona
40%
Saarbrücken
40%
Bonn
20%
Darmsztadt
20%
Frankfurt nad Menem
20%
Gelsenkirchen
20%
Heidelberg
20%
Mannheim
20%
Moguncja
20%
Mönchengladbach
20%
Trewir
20%
Ulm
20%
Wiesbaden
20%
Wuppertal
20%
Würzburg
20%
Nie znaleziono quizów pasujących do podanych kryteriów
Rozkład punktacji
Procent ludzi z każdym wynikiem
Percentyl według liczby udzielonych odpowiedzi
Twoja historia wyników
Nie rozwiązałeś tego quizu